Solide Haushaltsfinanzierung.

Pravidlá finančného krytia rovnováhy domáceho rozpočtu (štruktúra príjmov, výdajov, úvery, pôžičky...) a štátneho rozpočtu a niektoré rozdiely medzi nimi (vplyv na výšku príjmov cez dane, infláciu atp.). Kontrola stavu štátneho účtu a jej ciele. Bilancia krytia štátneho rozpočtu. Niektoré postupy pr...

Full description

Saved in:
Bibliographic Details
Main Author: Mülhaupt, L.
Format: Book Chapter
Language:German
Subjects:
Tags: Add Tag
No Tags, Be the first to tag this record!

MARC

LEADER 00000naa a2200000 4500
001 r007016
005 20221130103547.0
041 0 |a ger 
044 |a DE 
245 1 0 |a Solide Haushaltsfinanzierung.  |c L. Mülhaupt 
520 |a Pravidlá finančného krytia rovnováhy domáceho rozpočtu (štruktúra príjmov, výdajov, úvery, pôžičky...) a štátneho rozpočtu a niektoré rozdiely medzi nimi (vplyv na výšku príjmov cez dane, infláciu atp.). Kontrola stavu štátneho účtu a jej ciele. Bilancia krytia štátneho rozpočtu. Niektoré postupy pri vedení pasívnej a aktívnej stránky bilancie a ich výhody. 
610 2 0 |a rozpočet štátny 
610 2 0 |a príjmy 
610 2 0 |a výdavky 
610 2 0 |a účet záverečný štátny 
610 2 0 |a dane 
610 2 0 |a inflácia 
610 2 0 |a financovanie 
610 2 0 |a bilancia finančná 
100 1 |a Mülhaupt, L.